00704nam a2200169 a 450000100100000000500170001000800410002704000250006811000840009324500500017726000520022730000190027904900090029895201050030795201050041299900170051700003301620200930065956.0110808s19uu dr 000 0 spa d aDO-SdBNPbspacBNPHU1 aRepública DominicanabSecretaría de Estado de Agricultura y Comercio95747714aLas plagas que nos amenazan :bel piogán /. aSanto Domingo :bLa Cuna de América,c[195?]. a8 p. ;c22 cm. aBNPD 001050718RVaPDbPDcCTd2011-08-08iLF1l0o p33016-10r2020-06-25w2020-06-25y1ZNo se presta 0010718PDaPDbPDcHDd2011-08-08iLF1l0o p33017-10r2020-06-25w2020-06-25yLFPDZNo se presta c32507d32507